[Event "FRA-chT4 0506"]
[Site "France"]
[Date "2006.03.12"]
[Round "6"]
[White "Jus, Pierick"]
[Black "Dhaussy, Zelie"]
[Result "1-0"]
[WhiteElo "1670"]
[BlackElo "1760"]
[PlyCount "55"]
[EventDate "2005.10.02"]
[EventType "team"]
[EventRounds "9"]
[EventCountry "FRA"]
[SourceTitle "EXT 2007"]
[Source "ChessBase"]
[SourceDate "2006.11.23"]
[SourceVersion "1"]
[SourceVersionDate "2006.11.23"]
[SourceQuality "1"]

1. e4 c5 2. Nc3 Nc6 3. f4 e6 4. Nf3 g6 5. Bc4 Bg7 6. 0-0 Nge7 7. d3 d5 8. exd5 exd5 9. Bb3 Qb6 10. Nxd5 Nxd5 11. Bxd5 0-0 12. Kh1 Re8 13. Re1 Bd7 14. Ng5 Bg4 15. Qd2 Rxe1+ 16. Qxe1 Nd8 17. Qe8+ Bf8 18. Bxf7+ Kg7 19. b3 Qf6 20. Rb1 Qe7 21. Bb2+ Kh6 22. Re1 Qxe8 23. Rxe8 Bg7 24. Bxg7+ Kxg7 25. Rg8+ Kf6 26. Bd5 Rb8 27. Nxh7+ Kf5 28. Rf8+ 1-0